00000000nam 2200000zi 4500
0019.892370
003CaOODSP
00520250107144055
006m     o  d f      
007cr bn|||||||||
008201013e199606##oncd    os   f000 0 eng d
040 |aCaOODSP|beng|erda|cCaOODSP
043 |an-cn---
0861 |aIu44-238/1996E-PDF
24500|aInvesting in Canada's semiconductor industry.
264 1|a[Ottawa] : |bIndustry Canada, |cJune 1996.
300 |a1 online resource (56 unnumbered pages) : |bgraphs
336 |atext|btxt|2rdacontent
337 |acomputer|bc|2rdamedia
500 |aDigitized edition from print [produced by Innovation, Science and Economic Development Canada].
650 0|aSemiconductor industry|zCanada|vStatistics.
650 0|aSemiconductor industry|zCanada|xFinance|vStatistics.
650 6|aSemi-conducteurs|xIndustrie|zCanada|vStatistiques.
650 6|aSemi-conducteurs|xIndustrie|zCanada|xFinances|vStatistiques.
655 7|aStatistics|2lcgft
655 7|aStatistiques|2rvmgf
7101 |aCanada. |bIndustry Canada, |eissuing body.
85640|qPDF|s1.19 MB|uhttps://publications.gc.ca/collections/collection_2023/isde-ised/Iu44-238-1996-eng.pdf